El magisterio de la iglesia
Saved in:
| Hovedforfatter: | |
|---|---|
| Format: | Bog |
| Sprog: | spansk |
| Udgivet: |
Barcelona
Herder
1963
|
| Udgivelse: | 1a. ed |
| Serier: | Biblioteca Herder. Sección de Teología y Filosofía, 22
|
| Fag: | |
| Tags: |
Tilføj Tag
Ingen Tags, Vær først til at tagge denne postø!
|
MARC
| LEADER | 00000cam a2200000 a 4500 | ||
|---|---|---|---|
| 001 | UCZ2699 | ||
| 003 | CL-VaPUC | ||
| 008 | 951005e19630000SP |||||||||||||||||spa|d | ||
| 082 | 0 | 4 | |a 262.7 |b DEN |2 21 |
| 100 | |a Denzinger, Enrique |e author |9 500200 | ||
| 245 | 1 | 3 | |a El magisterio de la iglesia |
| 246 | 1 | 0 | |a Manual de los símbolos, definiciones y declaraciones de la iglesia en materia de fe y costumbres |
| 250 | |a 1a. ed | ||
| 300 | |a 617 p | ||
| 942 | |c BK | ||
| 945 | |d 19951005 00:00:00 |a aalvarez | ||
| 260 | |a Barcelona |b Herder |c 1963 | ||
| 650 | 0 | |a Magisterio eclesiástico |9 313300 | |
| 650 | 0 | |a Teología dogmática |9 313198 | |
| 650 | 0 | |a Iglesia |9 255004 | |
| 650 | 0 | |a Concilios |9 315984 | |
| 650 | 0 | |a Papas |9 258738 | |
| 650 | 0 | |a Documentos pontificios |9 255642 | |
| 583 | |a last modification |c 20170724 09:38:02 |k Rodrigo Vera | ||
| 490 | 0 | |a Biblioteca Herder. Sección de Teología y Filosofía, 22 | |
| 999 | |c 239258 |d 239256 | ||
| 952 | |0 0 |1 0 |4 0 |6 262_700000000000000_DEN_1963 |7 0 |8 A |9 250274 |a BIBTEO |b BIBTEO |d 2019-11-18 |i 2020009 |o 262.7 DEN 1963 |p 2020009 |r 2025-01-17 |w 2019-11-18 |y BK |k ICR | ||
| 952 | |0 0 |1 0 |4 0 |6 262_700000000000000_DEN_1963 |7 0 |8 A |9 250275 |a BIBTEO |b BIBTEO |d 2019-11-18 |i 2020017 |o 262.7 DEN 1963 |p 2020017 |r 2025-01-17 |w 2019-11-18 |y BK |k ICR | ||
| 952 | |0 0 |1 0 |4 0 |6 262_700000000000000_DEN_1963 |7 0 |8 A |9 250276 |a BIBTEO |b BIBTEO |d 2019-11-18 |i 2020114 |o 262.7 DEN 1963 |p 2020114 |r 2025-01-17 |w 2019-11-18 |y BK |k ICR | ||
| 952 | |0 0 |1 0 |4 0 |6 262_700000000000000_DEN_1963 |7 0 |8 A |9 250277 |a BIBTEO |b BIBTEO |d 2019-11-18 |i 2020122 |o 262.7 DEN 1963 |p 2020122 |r 2025-01-17 |w 2019-11-18 |y BK |k ICR | ||
| 952 | |0 0 |1 0 |4 0 |6 262_700000000000000_DEN_1963 |7 0 |8 A |9 250278 |a BIBTEO |b BIBTEO |d 2019-11-18 |i 3185923 |o 262.7 DEN 1963 |p 3185923 |r 2025-01-17 |w 2019-11-18 |y BK |k ICR | ||
| 952 | |0 0 |1 0 |4 0 |6 262_700000000000000_DEN_1963 |7 0 |8 A |9 250279 |a BIBTEO |b BIBTEO |d 2019-11-18 |i 2079690 |o 262.7 DEN 1963 |p 2079690 |r 2025-01-17 |w 2019-11-18 |y BK |k ICR | ||
| 952 | |0 0 |1 0 |4 0 |6 262_700000000000000_DEN_1963 |7 0 |8 A |9 250280 |a BIBTEO |b BIBTEO |d 2019-11-18 |i 2079704 |o 262.7 DEN 1963 |p 2079704 |r 2025-01-17 |w 2019-11-18 |y BK |k ICR | ||
| 952 | |0 0 |1 0 |4 0 |6 262_700000000000000_DEN_1963 |7 0 |8 A |9 250281 |a BIBTEO |b BIBTEO |d 2019-11-18 |i 4075838 |o 262.7 DEN 1963 |p 4075838 |r 2025-01-17 |w 2019-11-18 |y BK |k ICR | ||
| 952 | |0 0 |1 0 |4 0 |6 262_700000000000000_DEN_1963 |7 0 |8 A |9 250282 |a BIBTEO |b BIBTEO |d 2019-11-18 |i 412622K |o 262.7 DEN 1963 |p 412622K |r 2025-01-17 |w 2019-11-18 |y BK |k ICR | ||
| 952 | |0 0 |1 0 |3 erb |4 0 |6 262_700000000000000_DEN_1963 |7 0 |8 A |9 250283 |a BIBTEO |b BIBTEO |i 5411092 |o 262.7 DEN 1963 |p 5411092 |r 2025-01-17 |w 2019-11-18 |y BK |z Catalogado en:20170728 |k ICR | ||